000 01735nam a2200553 i 4500
001 33200
003 KOSZ 005
005 20240405063059.0
008 980713s1997 pl |000 0 pol d
015 _aPB 1997/13570
020 _a8386702745
035 _a991005132189705066
035 _a(PL-WaBN)b11345913-48omnis_nlop
035 _ab11345913
035 _a(OCoLC)835649144
035 _a(PL)b0000001134591
035 _a(EXLNZ-48OMNIS_NETWORK)9910193813905606
040 _aWA N
_cWA N
_dKOSZ 005/HR
041 0 _apol
046 _k1997
080 _a342.25(438)
080 _a342.25(410)
080 _a342.25(73)
080 _a352/353(438)
080 _a352/353(410)
080 _a352/353(73)
100 1 _aNowacka, Ewa J.
_d(1947- )
_eAutor
245 1 0 _aSamorząd terytorialny w administracji publicznej /
_cEwa J. Nowacka.
260 _aWarszawa :
_bWydawnictwa Prawnicze PWN,
_c1997.
300 _a160, [4] s. ;
_c21 cm.
336 _2rdacontent
_aTekst
_btxt
337 _2rdamedia
_aBez urządzenia pośredniczącego
_bn
338 _2rdacarrier
_aWolumin
_bnc
380 _aKsiążki
388 _a1901-2000
388 _a1987-2000
504 _aBibliogr. s. 157-[161].
648 7 _a1901-2000
648 7 _a1989-2000
650 7 _aSamorząd terytorialny
_2DBN
650 7 _aAdministracja publiczna
651 7 _aPolska
_2DBN
651 7 _aStany Zjednoczone (USA)
_2DBN
651 7 _aWielka Brytania
_2DBN
658 _aPolityka, politologia, administracja publiczna
856 _uhttp://koha.tu.koszalin.pl/cgi-bin/koha/opac-detail.pl?biblionumber=33200
_yKatalog online BPK
942 _2UKD
_cKS
999 _c33200
_d33200